000 00301nam a22001337a 4500
008 170203b xxu||||| |||| 00| 0 eng d
020 _a0471029300
041 _aeng
080 _a61
100 _a3
101 _aSHM
245 _aPRIMARY CARE WHERE MEDICINE FAILS
_cANDREOPOULOS, S
942 _2udc
_cBK
999 _c4384
_d4384